Whereas by an ordinance of Parliament of the 21 of Aprill 1648, it is ordered that the bursers and treasurers of the colledges in Oxford shall keep such monies as they have received ...

Bibliographic Details
Corporate Author: England and Wales. Parliament. House of Commons
Format: Microform Book
Language:English
Published: [London] : [publisher not identified], [1648]
Series:Early English books, 1641-1700 ; 1460:22.
Subjects:

MARC

Tag First Indicator Second Indicator Subfields
LEADER 00000cam a2200000 a 4500
001 in00000881921
005 20150923155005.0
007 hd afv---baca
007 hd bfv---baaa
008 841029s1648 miu a 00010 eng d
035 |a (OCoLC)11322099 
035 |9 AEM0554AM 
037 |a CL0037000051  |b University Microfilms International 
037 |b University Microfilms International, 300 N. Zeeb Rd., Ann Arbor, MI 48106 
040 |a EAK  |c EAK  |d UMI  |d m/c  |d UtOrBLW 
043 |a e-uk--- 
045 2 |b d1642  |b d1649 
049 |a TXAI 
090 |a DA410  |b .E53 1648 
099 |a film   |a  B   |a  3609 
110 1 |a England and Wales.  |b Parliament.  |b House of Commons. 
245 1 0 |a Whereas by an ordinance of Parliament of the 21 of Aprill 1648, it is ordered that the bursers and treasurers of the colledges in Oxford shall keep such monies as they have received ... 
264 1 |a [London] :  |b [publisher not identified],  |c [1648] 
300 |a 1 broadside. 
336 |a text  |b txt  |2 rdacontent 
337 |a microform  |b h  |2 rdamedia 
338 |a microfilm reel  |b hd  |2 rdacarrier 
500 |a Imprint supplied by Wing. 
500 |a At head of text: Die Jovis 21. Septemb. 1648. 
500 |a Printed with the following, at head of page: "May 22, 1648. At the Committee of Lords and Commons for reformation of the University of Oxford, resolved, that the monies received by the Bursers of such colledges wherein the Parliament hath placed new heads, shall be delivered to such heads, or such as they shall appoint to receive it." 
500 |a Reproduction of original in the Harvard Law School Library. 
510 4 |a Wing  |c E2771. 
533 |a Microfilm.  |b Ann Arbor, Mich. :  |c University Microfilms International,  |d 1983.  |e 1 microfilm reel ; 35 mm.  |f (Early English books, 1641-1700 : 1460:22) 
500 |a Microform. 
651 0 |a Great Britain  |x History  |y Civil War, 1642-1649. 
610 2 0 |a University of Oxford. 
830 0 |a Early English books, 1641-1700 ;  |v 1460:22. 
999 |a MARS 
999 f f |s 4e61fa92-e314-3f18-80bf-379cb41625d1  |i c2f61eef-3fba-3f8d-b4a2-b1301c417061  |t 0 
952 f f |p default  |a Texas A&M University  |b College Station  |c Sterling C. Evans Library  |d Evans: Microforms (3rd floor)  |t 0  |e film B 3609 1460:22  |h Other scheme  |i microform -- microfilm reel 
998 f f |a film B 3609 1460:22  |t 0  |l Evans: Microforms (3rd floor)